000 00359nam a2200145Ia 4500
008 191201s2005 xx 000 0 und d
082 _a621.57
_bMAR
100 _aPRASAD, Manohar
245 0 _aRefrigeration and Air-conditioning
250 _a2nd
260 _aN.Delhi
_bNew Age International
_c2005
300 _a646
650 _aB.Tech(ME)
942 _2ddc
_cBK
999 _c794
_d794